000 00242nam a2200109Ia 4500
008 220204s9999 xx 000 0 und d
082 _a82-3
_bHYN
100 _aHynd, Noel
245 4 _aThe Sandler inquiry
260 _bNel
_c1979
942 _cBK
999 _c35836
_d35836